Países com mais reservas de petróleo. - Statistics

Estatísticas Gerais
  • Esse quiz foi jogado 47 vezes
  • A pontuação média é 8 de 10
Estatísticas das Respostas
Reservas (bilhões de barris) Países % Correto
~297,5 Arábia Saudita
98%
~68,8 Estados Unidos
98%
~303,8 Venezuela
98%
~168,1 Canadá
95%
~157,8 Irã
90%
~145 Iraque
88%
~107,8 Rússia
88%
~97,8 Emirados Árabes Unidos
83%
~101,5 kuwait
63%
~48,4 Líbia
32%
Nenhum quiz correspondente encontrado
Distribuição das Pontuações
Porcentagem de Pessoas com Cada Pontuação
Percentil de Números Respondidos
Sua Pontuação Histórica
Você não jogou esse quiz